000 01112nam a22002654a 4500
005 20100320141844.0
008 060124s2005 paua 001 0 eng
010 _aB-379397
020 _a9781840914481
_c1195.00
035 _aB-379397
037 _bPansy Books
040 _adpl
_bEnglish
082 _a712.6092
100 _aSimms, Barbara
245 _aJohn Brookers :
_cby barbara Simms
_bgarden and landscape designer /
260 _bConran Octopus
_c2007
_aLondon
270 _a2-4 Heron Quays,
_bLondon
_eE14 4JP
300 _a208 p. :
_b ill. (chiefly col.), ports., plans
_c29 cm(Hb)
500 _aIncludes bibliographical references and index.
650 _a Gardens
_xDesign.
650 _a Landscape gardening.
942 _2ddc
_cEN
_mSIM
_h712.6092
999 _c34811
_d34811